The dissolution of communist power : (Record no. 162995)

MARC details
000 -LEADER
fixed length control field 01175nam a2200337 a 4500
001 - CONTROL NUMBER
control field vtls000159476
003 - CONTROL NUMBER IDENTIFIER
control field NLI
005 - DATE AND TIME OF LATEST TRANSACTION
control field 20210602102342.0
008 - FIXED-LENGTH DATA ELEMENTS--GENERAL INFORMATION
fixed length control field 101125s1992 enk 001 0 eng
020 ## - INTERNATIONAL STANDARD BOOK NUMBER
International Standard Book Number 041506709X :
Terms of availability PND 40.00
039 #9 - LEVEL OF BIBLIOGRAPHIC CONTROL AND CODING DETAIL [OBSOLETE]
-- 201011251650
-- VLOAD
040 ## - CATALOGING SOURCE
Original cataloging agency NLI
Language of cataloging eng
Transcribing agency Datasoft 1
Description conventions AACR2
041 1# - LANGUAGE CODE
Language code of text/sound track or separate title eng
Language code of original hun
044 ## - COUNTRY OF PUBLISHING/PRODUCING ENTITY CODE
MARC country code enk
082 04 - DEWEY DECIMAL CLASSIFICATION NUMBER
Classification number 320.9439
100 1# - MAIN ENTRY--PERSONAL NAME
Personal name Horvath, Agnes,
Dates associated with a name 1957-
9 (RLIN) 309327
245 14 - TITLE STATEMENT
Title The dissolution of communist power :
Remainder of title the case of Hungary /
Statement of responsibility, etc. Agnes Horvath and Arpad Szakolczai
260 ## - PUBLICATION, DISTRIBUTION, ETC.
Place of publication, distribution, etc. London :
Name of publisher, distributor, etc. Routledge,
Date of publication, distribution, etc. 1992
300 ## - PHYSICAL DESCRIPTION
Extent xviii, 254 p. ;
Dimensions 23 cm.
500 ## - GENERAL NOTE
General note Translated from Hungarian
504 ## - BIBLIOGRAPHY, ETC. NOTE
Bibliography, etc. note Includes bibliographical references and index
650 #0 - SUBJECT ADDED ENTRY--TOPICAL TERM
Topical term or geographic name entry element Communism
Geographic subdivision Hungary
General subdivision Case studies
9 (RLIN) 309328
651 #0 - SUBJECT ADDED ENTRY--GEOGRAPHIC NAME
Geographic name Europe, Eastern
General subdivision Politics and government
Chronological subdivision 1945-1989
General subdivision Case studies
9 (RLIN) 309329
651 #0 - SUBJECT ADDED ENTRY--GEOGRAPHIC NAME
Geographic name Hungary
General subdivision Politics and government
Chronological subdivision 1945-1989
General subdivision Case studies
9 (RLIN) 309330
700 1# - ADDED ENTRY--PERSONAL NAME
Personal name Szakolczai, Arpad,
Relationship jt. aut
9 (RLIN) 291817
887 ## - NON-MARC INFORMATION FIELD
Content of non-MARC field
901 ## - LOCAL DATA ELEMENT A, LDA (RLIN)
a 520481
b 25.8.1993
902 ## - LOCAL DATA ELEMENT B, LDB (RLIN)
a E 320.9439 H 789
942 ## - ADDED ENTRY ELEMENTS (KOHA)
Source of classification or shelving scheme Dewey Decimal Classification
Koha item type Books
949 ## - LOCAL PROCESSING INFORMATION (OCLC)
-- VIRTUAITEM
-- 10000
-- 100
6 PUR000520481ENG
Holdings
Withdrawn status Lost status Damaged status Not for loan Collection code Home library Current library Shelving location Date acquired Total Checkouts Full call number Barcode Date last seen Price effective from Koha item type
        New English National Library of India National Library of India New English - Main Stack Division     E 320.9439 H 789 PUR000520481ENG 02/06/2021 02/06/2021 Books
                                                                           
web counter

Copyright ©2020 The National Library of India, Govt. of India ↔ Hosted by NVLI, MOC ↔ Technology and Design by National Library of India, Ministry of Culture, Govt. of India